Statistics for International Flights from West South Central United States

Click here to take the quiz!

General Stats

  • This quiz has been taken 54 times
    (11 since last reset)
  • The average score is 48 of 93

Answer Stats

Answer% Correct
Dallas
90%
Houston
90%
New Orleans
90%
Amsterdam
80%
Calgary
80%
Dubai
80%
Edmonton
80%
Havana
80%
London
80%
Mexico City
80%
Montréal
80%
Paris
80%
Sydney
80%
Toronto
80%
Vancouver
80%
Auckland
70%
Austin
70%
Beijing
70%
Belize City
70%
Bogotá
70%
Buenos Aires
70%
Cancún
70%
Doha
70%
Frankfurt
70%
Guadalajara
70%
Guatemala City
70%
Istanbul
70%
Lima
70%
Madrid
70%
Monterrey
70%
Münich
70%
Nassau
70%
Panama City
70%
Punta Cana
70%
Rio de Janeiro
70%
Rome
70%
San José
70%
Santiago de Chile
70%
Santo Domingo
70%
São Paulo
70%
Shanghai
70%
Taipei
70%
Tokyo
70%
Dublin
60%
Hong Kong
60%
Manágua
60%
Manchester
60%
Oranjestad
60%
Puerto Vallarta
60%
Quito
60%
San Antonio
60%
San Salvador
60%
Seoul
60%
Tel Aviv
60%
León/Del Bajío
50%
Liberia
50%
Mérida
50%
Singapore
50%
Montego Bay
40%
Oaxaca
40%
Port of Spain
40%
Puebla
40%
San Pedro Sula
40%
Tegucigalpa
40%
Acapulco
30%
Cozumel
30%
Durango
30%
Grand Cayman
30%
Mazatlán
30%
Querétaro
30%
San José del Cabo
30%
Aguascalientes
20%
Bonaire
20%
Chihuahua
20%
Hermosillo
20%
Ixtapa/Zihuatanejo
20%
La Paz (México)
20%
Laredo
20%
McAllen
20%
Roatán
20%
Sint Maarten
20%
Vieux Fort
20%
Basseterre
10%
Morelia
10%
Providenciales
10%
San Luís Potosí
10%
Tampico
10%
Torreón
10%
Veracruz
10%
Huatulco
0%
Loreto
0%
Manzanillo
0%
Zacatecas
0%

Score Distribution

Percentile by Number Answered

Percent of People with Each Score

Your Score History

You have not taken this quiz since the last reset